000 00555nam a22001817a 4500
005 20251108164749.0
008 250721s1969 xx 000 0 ara d
082 1 4 _a811.9564/محم
100 1 _aمنصور، محمد
245 1 0 _aديوان شعر صور باهر و المكبر :
_bشعر /
264 1 _aعمان :
_bجمعية عمال المطابع التعاونية،
_c1969.
300 _a126ص
650 1 7 _aالعصر الحديث
650 1 7 _aالشعر العربي
650 1 7 _aفلسطين
942 _2ddc
_cBK
999 _c13774
_d13774